<?xml version="1.0" encoding="UTF-8"?>
<record
    xmlns:xsi="http://www.w3.org/2001/XMLSchema-instance"
    xsi:schemaLocation="http://www.loc.gov/MARC21/slim http://www.loc.gov/standards/marcxml/schema/MARC21slim.xsd"
    xmlns="http://www.loc.gov/MARC21/slim">

  <leader>04230    a2200301   4500</leader>
  <controlfield tag="003">OSt</controlfield>
  <controlfield tag="005">20260626152057.0</controlfield>
  <controlfield tag="008">250414b        |||||||| |||| 00| 0 eng d</controlfield>
  <datafield tag="040" ind1=" " ind2=" ">
    <subfield code="c">Foundation University</subfield>
  </datafield>
  <datafield tag="050" ind1=" " ind2=" ">
    <subfield code="a">(CHM) TX951</subfield>
    <subfield code="b">.2024 H883</subfield>
  </datafield>
  <datafield tag="100" ind1=" " ind2=" ">
    <subfield code="a">Hutchinson, Guillermo</subfield>
    <subfield code="d">author</subfield>
    <subfield code="9">10667</subfield>
  </datafield>
  <datafield tag="245" ind1=" " ind2=" ">
    <subfield code="a">Bar management /</subfield>
    <subfield code="c">Guillermo Hutchinson </subfield>
  </datafield>
  <datafield tag="260" ind1=" " ind2=" ">
    <subfield code="a">USA :</subfield>
    <subfield code="b">Alexis Press ;</subfield>
    <subfield code="c">2024.</subfield>
  </datafield>
  <datafield tag="264" ind1=" " ind2=" ">
    <subfield code="4">2024</subfield>
  </datafield>
  <datafield tag="300" ind1=" " ind2=" ">
    <subfield code="a">vii, 332 pages :</subfield>
    <subfield code="b">color illustrations ;</subfield>
    <subfield code="c">23 cm.</subfield>
    <subfield code="3">resource</subfield>
    <subfield code="f">resource</subfield>
  </datafield>
  <datafield tag="336" ind1=" " ind2=" ">
    <subfield code="2">rda content</subfield>
    <subfield code="a">text</subfield>
    <subfield code="b">txt</subfield>
  </datafield>
  <datafield tag="337" ind1=" " ind2=" ">
    <subfield code="2">rda media</subfield>
    <subfield code="a">unmediated</subfield>
    <subfield code="b">n</subfield>
  </datafield>
  <datafield tag="338" ind1=" " ind2=" ">
    <subfield code="2">rda carrier</subfield>
    <subfield code="3">volume</subfield>
    <subfield code="a">volume</subfield>
    <subfield code="b">nc</subfield>
  </datafield>
  <datafield tag="490" ind1=" " ind2=" ">
    <subfield code="a">CHM-HosMgt Series</subfield>
  </datafield>
  <datafield tag="504" ind1=" " ind2=" ">
    <subfield code="a">Includes bibliographical references and index.</subfield>
  </datafield>
  <datafield tag="520" ind1=" " ind2=" ">
    <subfield code="a">Bar management involves operating and running an establishment that serves alcoholicbeverages.Entertainment is an important part of bar management as well. Potentialentertainment options include televised sports games and live events featuring bandsand comedians. If a bar serves food, a bar manager also might have to make menuselections and supervise the bar's kitchen.
Staffing is another crucial aspect of bar management. From hiring skilled bartendersand servers to training them in the art of mixology and customer service,effectivemanagement is essential for building a capable and efficient team. Bar managersare responsible for creating a positive work environment, setting clear expectations,and ensuring that staff members adhere to safety and service standards.
Customer service plays a pivotal role in bar management as well. A well-managedbar strives to provide exceptional customer experiences, which includes friendlyand knowledgeable staff, prompt service, and a welcoming ambiance. Managersare tasked with handling customer complaints and resolving issues promptly,fosteringa loyal customer base in the process.
Financial management is integral to bar management. This involves budgeting,costcontrol, pricing strategies, and financial. Effective managers keep a close eye onrevenue and expenses,adjusting their strategies as needed to maintain profitabilityand sustainability.
One of,if not the,most important things a bar manager does is decide what beveragesto order based on what's been sol. Then negotiate contracts with suppliers to buythose beverages.This process is called bar inventory management. Done consistentlyand accurately,it gives bar managers a look into what drinks are most popular andwhat drinks are most profitable. Those are two important things to know if your goalis to be a popular, profitable bar.
Cocktail bars focus on mixology, serving a range of mixed alcoholic drinks fromclassics,like martinis, manhattans, mojitos, and margaritas, to specialty drinks,usuallyconcocted and created in-house. Typically found in cities or downtown, cocktailbars can take many forms and often offer a fantastical sort of atmosphere-fromthemed cocktail lounges to speakeasies, to rooftop bars.
You sent
Bar operations involve careful handling;of all kinds of alcoholic drinks and convertingtheir contents into revenue. Standard operating procedures (SOP) set by theestablishment must be strictly followed during the service.The bar staff is completelyresponsible for the drinks received from the cellar and must maintain the record ofbottles received, returned, quantity of drinks sold,revenue generated,breakages,spillage,beverage cost percentage, etc. and also for the guests' satisfaction.
This book bar management is a comprehensive field that encompasses inventorycontrol, staffing,customer service, financial management, and legal compliance.Successful bar management is the cornerstone of a thriving and reputable bar,wherepatrons can enjoy great drinks and experiences while the business remains profitableand compliant with the law.</subfield>
  </datafield>
  <datafield tag="650" ind1=" " ind2=" ">
    <subfield code="a">Bartenders. </subfield>
    <subfield code="9">9393</subfield>
  </datafield>
  <datafield tag="650" ind1=" " ind2=" ">
    <subfield code="a"> Liquors. </subfield>
    <subfield code="9">9392</subfield>
  </datafield>
  <datafield tag="650" ind1=" " ind2=" ">
    <subfield code="a">Hotel management.</subfield>
    <subfield code="9">4134</subfield>
  </datafield>
  <datafield tag="658" ind1=" " ind2=" ">
    <subfield code="a">Hospitality Management, Bachelor of Science in.</subfield>
    <subfield code="b">Bar &amp; Beverage Management</subfield>
    <subfield code="c">HRM305</subfield>
  </datafield>
  <datafield tag="856" ind1=" " ind2=" ">
    <subfield code="u">https://drive.google.com/file/d/1JSL6LSMrWbuNKL7cg0x8wTKCkQi7QV2Q/view?usp=share_link</subfield>
    <subfield code="y">Click here to view the table of contents.</subfield>
  </datafield>
  <datafield tag="942" ind1=" " ind2=" ">
    <subfield code="2">lcc</subfield>
    <subfield code="c">BK</subfield>
    <subfield code="h">TX951</subfield>
    <subfield code="i">.2024 H883</subfield>
    <subfield code="k">(CHM)</subfield>
    <subfield code="n">0</subfield>
  </datafield>
  <datafield tag="999" ind1=" " ind2=" ">
    <subfield code="c">3967</subfield>
    <subfield code="d">3967</subfield>
  </datafield>
  <datafield tag="952" ind1=" " ind2=" ">
    <subfield code="u">https://drive.google.com/file/d/1JSL6LSMrWbuNKL7cg0x8wTKCkQi7QV2Q/view?usp=share_link</subfield>
    <subfield code="0">0</subfield>
    <subfield code="1">0</subfield>
    <subfield code="2">lcc</subfield>
    <subfield code="4">0</subfield>
    <subfield code="7">0</subfield>
    <subfield code="8">NFIC</subfield>
    <subfield code="a">FOUNDATION</subfield>
    <subfield code="b">FOUNDATION</subfield>
    <subfield code="c">MAIN-CHM</subfield>
    <subfield code="d">2024-11-18</subfield>
    <subfield code="e">Book Fund</subfield>
    <subfield code="l">2</subfield>
    <subfield code="m">1</subfield>
    <subfield code="o">(CHM-HM) TX 951  .2024 H883  c.3</subfield>
    <subfield code="p">0252024003003</subfield>
    <subfield code="r">2025-05-10 10:45:00</subfield>
    <subfield code="s">2025-03-12</subfield>
    <subfield code="w">2024-11-18</subfield>
    <subfield code="y">BK</subfield>
    <subfield code="k">CHM-2024003</subfield>
  </datafield>
  <datafield tag="952" ind1=" " ind2=" ">
    <subfield code="u">https://drive.google.com/file/d/1JSL6LSMrWbuNKL7cg0x8wTKCkQi7QV2Q/view?usp=share_link</subfield>
    <subfield code="0">0</subfield>
    <subfield code="1">0</subfield>
    <subfield code="2">lcc</subfield>
    <subfield code="4">0</subfield>
    <subfield code="7">7</subfield>
    <subfield code="8">NFIC</subfield>
    <subfield code="a">FOUNDATION</subfield>
    <subfield code="b">FOUNDATION</subfield>
    <subfield code="c">MAIN-CHM</subfield>
    <subfield code="d">2026-06-26</subfield>
    <subfield code="e">Library Budget</subfield>
    <subfield code="l">0</subfield>
    <subfield code="o">(CHM-HosMgt) TX 951 .2024 H883 </subfield>
    <subfield code="p">0252026003122</subfield>
    <subfield code="r">2026-06-26 15:19:15</subfield>
    <subfield code="w">2026-06-26</subfield>
    <subfield code="y">BK</subfield>
    <subfield code="k">CHM-HosMgt-2026122</subfield>
  </datafield>
  <datafield tag="952" ind1=" " ind2=" ">
    <subfield code="u">https://drive.google.com/file/d/1JSL6LSMrWbuNKL7cg0x8wTKCkQi7QV2Q/view?usp=share_link</subfield>
    <subfield code="0">0</subfield>
    <subfield code="1">0</subfield>
    <subfield code="2">lcc</subfield>
    <subfield code="4">0</subfield>
    <subfield code="7">4</subfield>
    <subfield code="8">NFIC</subfield>
    <subfield code="a">FOUNDATION</subfield>
    <subfield code="b">FOUNDATION</subfield>
    <subfield code="c">MAIN-CHM</subfield>
    <subfield code="d">2026-06-26</subfield>
    <subfield code="e">Library Budget</subfield>
    <subfield code="l">0</subfield>
    <subfield code="o">(CHM-HosMgt) TX 951 .2024 H883 c.2</subfield>
    <subfield code="p">0252026003123</subfield>
    <subfield code="r">2026-06-26 15:20:32</subfield>
    <subfield code="w">2026-06-26</subfield>
    <subfield code="y">BK</subfield>
    <subfield code="k">CHM-HosMgt-2026123</subfield>
  </datafield>
</record>
